Statistiques concernant Pays les plus peuplés qui bordent l'océan Pacifique

Cliquez ici pour prendre le quiz!

Statistiques générales

  • Ce quiz a été pris 4,807 fois
  • Le résultat moyen est 13 sur 15

Statistiques - réponses

Population Pays % Correct
1 379 260 000Chine
99%
324 687 000Etats-Unis
97%
126 685 000Japon
97%
24 240 700Australie
95%
128 632 000Mexique
94%
36 329 500Canada
93%
260 581 000Indonésie
92%
146 691 020Russie
89%
50 501 405Corée du Sud
87%
103 149 000Philippines
83%
31 488 700Pérou
83%
95 261 000Viêt Nam
81%
31 792 000Malaisie
77%
48 876 700Colombie
76%
68 145 000Thaïlande
74%

Distribution des résultats

Percentile par nombre de réponses

% des personnes avec chaque résultat

Votre développement - résultats

Vous n’avez pas pris ce quiz